000 00420nam a22001217a 4500
999 _c10154
_d10154
003 OSt
008 201218b ||||| |||| 00| 0 eng d
245 _aIndian Journal of Advance Mechatronics and Robotics
250 _a2015(Jan-Jun Vol.3 No.1, Jul-Dec Vol.3 No.2) 2016(Jan-Jun Vol.4 No.1, Jul-Dec Vol.4 No.2)
260 _aNew Delhi
_bGBS Publishers and Distributors
650 _aMechanical Engineering
942 _2ddc
_cBV